000 00941nam a22001937a 4500
005 20120309123426.0
010 _aB-456395
020 _a9780521677004
_c395.00
035 _aB-456395
037 _bAllied
082 _a488.24076
245 _aCambridge IELTS 2 :
_bexamination papers from the university of Cambridge local examination syndicate/
260 _aNew Delhi
_bCambridge University Press
_c2011
270 _aCambridge House,4381/4,Ansari Road,Daryaganj,
_bNew Delhi
_e110002
300 _aiv,172p
_bill,
_c24cm(pbk)
_e+CD-Rom
942 _2ddc
_cEN
_mCAM
_h488.24076
999 _c63900
_d63900